MDQL
is popping MORE tags! Check the
thread
!
Quizzes
Events
Quiz Creation
Community
Videos
Private Events
Remove Ads
Sign In
Join for FREE
Feedback
Dark Mode
Quiz Categories
Sports
Geography
Music
Movies
Television
Just For Fun
Miscellaneous
History
Literature
Language
Science
Gaming
Entertainment
Religion
Holiday
For Kids
Quiz Lab
Recent
Popular Today
Quiz Kudos Today
Editor Picks
Curator Picks
Quizzes by...
Day
Popularity
Type
Ratings
Length
Year
Community
Subscriptions
Recent Discussions
Orange Saloon
Badges
Playlists
Quests
Create
Leaderboards
Showdown
Live 5
Trivia Bingo
Activity
Puzzle Library
Sporcle Events
Private Events
Virtual Trivia
Globe League
Become a Host
Pub Owners
SporcleCon
Opinionation
Our Games
Videos
Blog
Mobile Apps
Partnerships
Remove Ads and Go Orange
Feedback
Geography
Country
Landmarks
City
State
Population
World
Capital
Continent
Flags
Europe
Africa
Asia
South America
North America
Oceania
Border
Canada
United Kingdom
Topography
United States
Geography
Country
Landmarks
City
State
Population
World
Capital
Continent
Flags
Europe
Africa
Asia
South America
North America
Oceania
Border
Canada
United Kingdom
Topography
United States
Random Quiz
Search Sporcle
×
Quiz Lab
Quiz Lab
Geography
Capital
Type in answers that appear in a list
Type in answers that appear in a list
Classic
Best Score? Go Orange.
Capitals by Name Meaning Stats
Can you name the world capitals by the meanings of their names?
By
Detektor
20m
88 Questions
948 Plays
948 Plays
948 Plays
Comments
Comments
Give Quiz Kudos
Give Quiz Kudos
-
- Ratings
hide this ad
Forced Order
Answers have to be entered in order
Answers have to be entered in order
Replay
Link that replays current quiz
Next Quiz
Link to next quiz in quiz playlist
You Got
0%
They Got
Avg Score
38%
Avg Friend Score
Upgrade to see
Score Distribution
Jump to the score distribution portion of the page
Score
0/88
Timer
20:00
0
Plays Today
Meaning
Name
% Correct
Athena
Athens
89.6%
Brazil
Brasília
85.5%
Eastern Capital
Tokyo
82.6%
Black Pool
Dublin
81.3%
Dam on the River Amstel
Amsterdam
80.1%
Owned by Warsz
Warsaw
77.2%
Between Rivers
Hanoi
75.6%
Northern Capital
Beijing
74.1%
King George III
Georgetown
73.5%
Quitu people
Quito
71.2%
Romulus
Rome
71.2%
Assumption
Asunción
70.9%
Abode of Islam
Islamabad
70.7%
Parisii people
Paris
70.7%
Flat Land
Pyongyang
70.7%
Merchants' Harbour
Copenhagen
70.4%
Vilnia River
Vilnius
67.1%
Log Islet
Stockholm
66.9%
James Monroe
Monrovia
66.6%
Pierre Savorgnan de Brazza
Brazzaville
64.3%
Saint Dominic
Santo Domingo
63.5%
Capital
Astana
63.3%
Red Hero
Ulan Bator
63.2%
Sir Fairfax Moresby
Port Moresby
59.5%
Bay of Smoke
Reykjavík
59.3%
Andries Pretorius
Pretoria
59%
Jean Parisot de la Valette
Valletta
58.1%
Freetown
Libreville
57.4%
Bear
Bern
55.9%
Holy Saviour
San Salvador
51.8%
Meaning
Name
% Correct
Warm
Tbilisi
50.4%
Peace
La Paz
50%
New Port
Porto-Novo
49.7%
Le Prince (ship)
Port-au-Prince
49.6%
Queen Yamoussou
Yamoussoukro
48.8%
Fair Winds
Buenos Aires
47.9%
Corner of Wind
Windhoek
46.4%
Place of Nila
Manila
44.7%
King Louis XV
Port Louis
44.4%
Kumis Churn
Bishkek
44.1%
Under the Little Mountain
Podgorica
44.1%
Monday
Dushanbe
42.4%
Odawa people
Ottawa
41.9%
Anchor
Ankara
37.2%
Fair Garden
Baghdad
37.2%
Three Cities
Tripoli
36.6%
Place of Red Sandstone
Maseru
32.7%
White City
Belgrade
32.5%
Saint Thomas
São Tomé
32.5%
Place of Cool Waters
Nairobi
32.1%
In the Heart of the Fire
Moroni
28.4%
Talker
Lima
27.6%
Lowland
Basseterre
26.2%
Muddy Confluence
Kuala Lumpur
25.5%
New Flower
Addis Ababa
25.1%
Kyi
Kiev
22.9%
New Spring
Chişinău
22.3%
Holy Wisdom
Sofia
21.5%
Silver Mountain
Tegucigalpa
21.1%
Ford
Prague
21%
Meaning
Name
% Correct
Adjacent to Water
Managua
19.9%
Saint James
Santiago
19.9%
The Gardens
Riyadh
17.3%
Place of the Winds
Nouakchott
15.6%
Lookout
Skopje
12.9%
City of Arsaces
Ashgabat
11.6%
Wooden Covered Shelter
Kathmandu
11.2%
Father of Gazelle
Abu Dhabi
11%
The Victorious
Cairo
10.4%
Big Tree
Doha
9.5%
Wind-
Pounded
Baku
7.8%
Ants
Accra
7.6%
Islands
Algiers
7.5%
Four [Female Plural] United
Asmara
7.1%
Crocodile River
Bamako
7.1%
Chief Neharawa
Harare
7%
Stronghold of Victory
Rabat
5.7%
Meeting Place
Canberra
5.5%
Where People Get Honour and Respect
Ouagadougou
4.7%
Planted Fields
Bogotá
4.6%
Big House
Malé
4.1%
River Reeds
Roseau
4%
Seat of the Shah
Mogadishu
3.9%
Field Around the Governor's Castle
Sarajevo
3.9%
King William III
Nassau
3.2%
Wine-
and-
Cheesemaker on the Other Bank
Conakry
2.8%
City of Sandalwood
Vientiane
2.4%
Place of Rest
N'Djamena
2.1%
Quiz Playlist
Details
Report
Send in Message
Add To Playlist
Classic:
Type in answers that appear in a list
Forced Order:
Answers have to be entered in order
Quiz Source
Last Updated: Feb 16, 2017
Quiz Scoreboard
CHALLENGE
Sign Up to Join the Scoreboard
Show All
Scores
Hide
Comments
May contain spoilers
Recently Published
Image Sorting: Flags VI
by Barbecue
Geography
2m
Find the 'City' Movie
by crazypaving
Movies
60s
Colored Red Africa Blitz
by spor1
Geography
45s
More to Explore
Quiz From the Vault
Featured Blog Post
14 Easter Pick-up Lines to Find Eggs With
hide this ad
You Might Also Like...
Tags
Capital Quiz
World Quiz
Today's Top Quizzes in Geography
Browse Geography
hide this ad
Today's Top Quizzes in Capital
Browse Capital
Top Contributed Quizzes in Geography
1
Colored Red Europe Blitz I
2
Countries of the World - No Outlines Minefield
3
Colored Red Africa Blitz II
4
Colored Red Europe Blitz II
5
Colored Red Europe Blitz III
6
Colored Red Africa Blitz III
7
Colored Red States Blitz I
8
A Different View: World Oceans
9
Colored Red States Blitz II
10
Colored Red States Blitz III
Explore More
Trending Topics
Disney
Harry Potter
Marvel
Crossword
Anime
NBA
Kpop
Country
Puzzle
WWE
The Office
NFL
Song
Soccer
Pokémon
hide this ad
More By:
Detektor
Quiz
Plays
Rating
Category
Featured
Created
'And' Idioms
221,402
4.41
Language
Jan 8, 2010
Presidential Education
142,836
4.28
History
Feb 8, 2010
Most-Published Comic Book Characters
107,789
3.99
Entertainment
Dec 1, 2009
IPA Pronunciation
99,277
4.54
Language
Apr 30, 2010
Marvel Superheroes by Profession
69,004
3.64
Entertainment
Jun 25, 2010
Go to Creator's Profile
Score Distribution
Quiz Creator Spotlight
Detektor
Follow
Send a Message
Quizzes Created
-
Created Quiz Play Count
-
More By This Creator
Popular Quizzes Today
1
Colored Red Africa Blitz
2
Find the US States - No Outlines Minefield
3
Find the 'City' Movie
4
5x2 Blitz: Bands
5
The Countries of the World
6
Find the US States
7
Find the Countries of Europe - No Outlines Minefield
8
US States
More Geography Quizzes
Multi-Category Minefield Blitz: Europe
Published
Trending Quizzes
Colored Red Europe Blitz I
Colored Red Europe Blitz II
Colored Red Africa Blitz II
Colored Red Europe Blitz III
Colored Red Africa Blitz III
Recently Updated
How Do You Spell That?
pecheneg
Godzilla Movies
pecheneg
Grab Bag: 4-10 Letters
pecheneg
2024 March Madness Bracket
pecheneg
Famous TV Couples
Peacemaker
Champions League XIs: Real Madrid
pecheneg
Largest US Cities 1790-2010
pecheneg
Rides in Walt Disney World
pecheneg
Most Oscar Losses (Acting)
pecheneg
Beyoncé Albums
pecheneg
Trending Topics
Anime
Disney
Kpop
NBA
Crossword
Harry Potter
Marvel
The Office
Pokémon
WWE
Soccer
Song
Country
NFL
Puzzle
Your Account Isn't Verified!
In order to create a playlist on Sporcle, you need to verify the email address you used during registration. Go to your
Sporcle Settings
to finish the process.
Report this User
Report this user for behavior that violates our
Community Guidelines
.
Details:
Send Report
Go to the Sporcle.com Mobile Site →
Comments